| 000 | 00453nam a2200181Ia 4500 | ||
|---|---|---|---|
| 005 | 20230306144531.0 | ||
| 008 | 230125s9999 xx 000 0 und d | ||
| 041 | _aeng | ||
| 082 |
_a158.1 _bDAT |
||
| 100 | _aDatye V | ||
| 245 | _aHi,There : Stories and thoughts from my corporate journey | ||
| 260 |
_c2021 _aPune |
||
| 300 | _a144p | ||
| 500 | _aPersonality Development | ||
| 650 | _aPersonality Development | ||
| 700 | _aDatye V | ||
| 942 | _cBK | ||
| 999 |
_c97009 _d97009 |
||